| 000 | 00859cam a22001934a 4500 | ||
|---|---|---|---|
| 005 | 20250605164009.0 | ||
| 008 | 250528s ||||||||||||||||||||||||d | ||
| 035 | _a15903 | ||
| 020 | _a471402486 | ||
| 040 |
_aGR-AtMCL _bgre _dGR-AtMCL _eAACR2 |
||
| 245 | 1 | _aBig Java | |
| 260 |
_bJohn Wiley & Sons, Ltd, _c2002 |
||
| 300 | _a1214 | ||
| 520 | _aThe most comprehensive introduction to Programming and Java available. Preface, Introduction, Fundamental Data Types, Applets and Graphics, Decisions, Iteration, Designing Classes, Event Handling, Inheritance, Array Lists and Arrays, Excepting Handling, Strems, System Design, Recursion, Sorting and Searching, Advanced Data Structure, Multi heading, Relational Databases, XML, Java Server Pages and Servlets, Index. | ||
| 700 | 1 |
_aHorstmann Cay _91893 |
|
| 942 | _cBK | ||
| 999 |
_c1451 _d1451 |
||